Países que tem 3 cores na bandeira - Statistics

Estatísticas Gerais
  • Esse quiz foi jogado 146 vezes
  • A pontuação média é 20 de 55
Estatísticas das Respostas
Resposta % Correto
Alemanha
88%
França
85%
Bélgica
79%
Itália
79%
Rússia
75%
Países Baixos
71%
Colômbia
61%
Irlanda
56%
México
54%
Romênia
54%
Bolívia
50%
Hungria
48%
Lituânia
48%
Estônia
46%
Bulgária
45%
Chade
44%
Equador
44%
Luxemburgo
44%
Venezuela
44%
Costa do Marfim
41%
Egito
38%
Índia
38%
Mali
37%
Armênia
36%
Guiné
34%
Irã
34%
Paraguai
33%
República do Congo
33%
Eslováquia
32%
Eslovênia
32%
Gana
32%
Níger
32%
Andorra
31%
Sérvia
30%
Croácia
29%
Síria
29%
Senegal
27%
Camarões
26%
Moldávia
26%
Líbia
25%
Gabão
19%
Azerbaijão
15%
Serra Leoa
15%
Tajiquistão
14%
Tanzânia
14%
Gâmbia
13%
Uzbequistão
13%
Afeganistão
10%
Etiópia
10%
Quênia
10%
Lesoto
9%
Namíbia
8%
Ruanda
8%
Malawi
6%
São Vicente e Granadinas
5%
Nenhum quiz correspondente encontrado
Distribuição das Pontuações
Porcentagem de Pessoas com Cada Pontuação
Percentil de Números Respondidos
Sua Pontuação Histórica
Você não jogou esse quiz